| 000 | 00584nam a2200217Ia 4500 | ||
|---|---|---|---|
| 005 | 20260429111904.0 | ||
| 008 | 260429s9999||||xx |||||||||||||| ||und|| | ||
| 020 | _a9788119684892 | ||
| 041 | _aEnglish | ||
| 082 |
_a579.028 _bTYA |
||
| 100 | _aTyagi, Ashu | ||
| 245 | 0 |
_aTools and techniques in microbiology / _cAshu Tyagi |
|
| 260 |
_aJaipur : _bBook Enclave, _c2025. |
||
| 300 | _ax, 244 p.; hb | ||
| 650 | _a Biotechnology | ||
| 650 | _a Laboratory techniques | ||
| 650 | _a Microbiological methods | ||
| 650 | _aMicrobiology | ||
| 700 | _a Panwar, Suraj | ||
| 942 | _cTB | ||
| 999 |
_c51286 _d51286 |
||